[Event "VIII Torneo Banco di Roma A"]
[Site "Roma ITA"]
[Date "1984.02.??"]
[Round "7"]
[White "Sax, Gyula"]
[Black "Pinter, Jozsef"]
[WhiteElo "2575"]
[BlackElo "2515"]
[Result "1-0"]
[PlyCount "81"]
[EventDate "1984.02.18"]

1. e4 e5 2. Nf3 Nc6 3. Bb5 a6 4. Ba4 Nf6 5. O-O Be7 6. Re1 b5 7. Bb3 d6 8. c3
O-O 9. h3 Na5 10. Bc2 c5 11. d4 cxd4 12. cxd4 Bb7 13. Nbd2 Rc8 14. d5 Nh5 15.
Nf1 Nc4 16. b3 Nb6 17. Ne3 g6 18. Bd2 Qd7 19. a4 bxa4 20. bxa4 Nf4 21. Rb1 Nc4
22. Nxc4 Rxc4 23. Bb3 Rc7 24. Bxf4 exf4 25. Qd2 g5 26. e5 dxe5 27. Nxe5 Qd6 28.
Qd3 Kg7 29. Ng4 Bc8 30. Bc2 f5 31. Ne5 Bb7 32. Bb3 Bf6 33. Nf3 Bc8 34. Nd4 Bxd4
35. Qxd4+ Qf6 36. Qd2 Qd6 37. Ba2 Rf6 38. a5 Rb7 39. Rxb7+ Bxb7 40. Rb1 Bc8 41.
Qc3 1-0

[Event "VIII Torneo Banco di Roma A"]
[Site "Roma ITA"]
[Date "1984.02.??"]
[Round "7"]
[White "Zichichi, Alvise"]
[Black "Rivas Pastor, Manuel"]
[WhiteElo "2370"]
[BlackElo "2500"]
[Result "0-1"]
[PlyCount "98"]
[EventDate "1984.02.18"]

1. d4 Nf6 2. Nf3 e6 3. e3 c5 4. Bd3 b6 5. O-O Be7 6. Nbd2 O-O 7. c4 Bb7 8. b3
d6 9. Bb2 Nbd7 10. Re1 Qc7 11. Qc2 Rfe8 12. Rad1 a6 13. h3 Rac8 14. Qb1 h6 15.
Nh2 Bf8 16. Nhf1 Bc6 17. Ng3 Qb7 18. Nde4 cxd4 19. Bxd4 Nxe4 20. Bxe4 b5 21.
cxb5 axb5 22. Rc1 Bxe4 23. Nxe4 d5 24. Ng3 b4 25. Rxc8 Rxc8 26. Rc1 Nb8 27. Rc2
Rxc2 28. Qxc2 Nc6 29. Ba1 Qb5 30. Ne2 e5 31. Nc1 g6 32. Bb2 Bd6 33. Qd1 h5 34.
Qd2 Bf8 35. Qc2 Kh7 36. Qd1 Bg7 37. a4 bxa3 38. Bxa3 e4 39. Qc2 Qa5 40. Bb2
Qe1+ 41. Kh2 Nb4 42. Qb1 Qxf2 43. Bxg7 Kxg7 44. Qa1+ Kh7 45. Qc3 Nc2 46. Qb2 h4
47. Na2 Qg3+ 48. Kg1 Qe1+ 49. Kh2 Nxe3 0-1

[Event "VIII Torneo Banco di Roma A"]
[Site "Roma ITA"]
[Date "1984.02.??"]
[Round "8"]
[White "Pinter, Jozsef"]
[Black "Mednis, Edmar John"]
[WhiteElo "2515"]
[BlackElo "2460"]
[Result "0-1"]
[PlyCount "196"]
[EventDate "1984.02.18"]

1. d4 Nf6 2. c4 e6 3. Nf3 b6 4. g3 Ba6 5. b3 Bb4+ 6. Bd2 Be7 7. Nc3 c6 8. e4 d5
9. e5 Ne4 10. Bd3 Nxc3 11. Bxc3 c5 12. dxc5 bxc5 13. O-O Bb7 14. Qe2 O-O 15.
Rad1 Qc7 16. cxd5 Bxd5 17. Be4 Bxe4 18. Qxe4 Nd7 19. Nd2 Nb6 20. Ba5 Qc8 21.
Nc4 Rb8 22. Rd3 Nxc4 23. Qxc4 Qc6 24. Rc1 Rfc8 25. Rc2 Bf8 26. Bc3 Rb7 27. Rcd2
Be7 28. h4 Bf8 29. f3 Be7 30. Kf2 Kf8 31. Ke2 Ke8 32. Kd1 Kf8 33. Kc2 Ke8 34.
Re2 Kf8 35. h5 Ke8 36. g4 Qb5 37. Re4 Qxc4 38. Rxc4 Rc6 39. f4 Ra6 40. a4 Rd7
41. Rg3 Rd5 42. f5 Rb6 43. Rg1 Rb7 44. Re4 Rbd7 45. f6 gxf6 46. exf6 Bf8 47. g5
Rf5 48. Rg2 Rd6 49. Bd2 Rf3 50. Re3 Rf5 51. Rc3 Rdd5 52. Rc4 Rf3 53. Rc3 Rff5
54. Rd3 Kd7 55. Rdg3 Bd6 56. Rg4 Be5 57. b4 Rf3 58. b5 Ra3 59. Bc1 Rf3 60. Rc4
Bd4 61. a5 e5 62. Re2 Ke6 63. a6 Rd8 64. Bb2 Kd5 65. Ra4 Rb8 66. Ra5 Rb6 67.
Rd2 Rg3 68. Bc1 Kc4 69. Rh2 e4 70. Re2 e3 71. g6 fxg6 72. f7 Rf3 73. Bxe3 Bxe3
74. Rxe3 Rf2+ 75. Kc1 Rxf7 76. Re4+ Kb3 77. hxg6 hxg6 78. Kd2 c4 79. Ra1 c3+
80. Ke2 c2 81. Rh1 Rxb5 82. Kd2 Kb2 83. Rd4 Rb3 84. Rc4 Rf2+ 85. Ke1 Rg2 86.
Kf1 Rd2 87. Rh7 c1=Q+ 88. Rxc1 Kxc1 89. Rxa7 Rb1 90. Re7 Kc2+ 91. Re1 Rxe1+ 92.
Kxe1 Rd6 93. a7 Ra6 94. Ke2 Rxa7 95. Ke3 Ra4 96. Kf3 Kd3 97. Kg2 Ke2 98. Kh1
Kf2 0-1

[Event "VIII Torneo Banco di Roma A"]
[Site "Roma ITA"]
[Date "1984.02.??"]
[Round "8"]
[White "Rivas Pastor, Manuel"]
[Black "Inkiov, Ventzislav V."]
[WhiteElo "2500"]
[BlackElo "2490"]
[Result "1/2-1/2"]
[PlyCount "92"]
[EventDate "1984.02.18"]

1. d4 Nf6 2. c4 e6 3. Nf3 c5 4. e3 d5 5. Nc3 Nc6 6. a3 cxd4 7. exd4 Ne4 8. Qc2
Nxc3 9. Qxc3 dxc4 10. Bxc4 Be7 11. O-O O-O 12. Bf4 Bf6 13. Rad1 Ne7 14. Be5 Nd5
15. Bxd5 exd5 16. Bxf6 Qxf6 17. Ne5 Qb6 18. Nd3 Bg4 19. f3 Bf5 20. Qb4 Qxb4 21.
Nxb4 Rfd8 22. Rc1 a5 23. Nc2 Bd3 24. Rfd1 Bc4 25. Ne3 b5 26. Kf2 Re8 27. Re1
Kf8 28. Rc3 Re6 29. Nc2 Rxe1 30. Kxe1 b4 31. axb4 axb4 32. Nxb4 Rb8 33. b3 Rxb4
34. bxc4 dxc4 35. Kd2 Ke7 36. Rc2 Kd6 37. Kc3 Ra4 38. Rb2 Kc6 39. h4 g6 40. Rb8
Ra2 41. Rh8 Kd5 42. Rxh7 Ra3+ 43. Kb2 Ra7 44. Kc3 Ra3+ 45. Kb2 Ra7 46. Kc3 Ra3+
1/2-1/2

[Event "VIII Torneo Banco di Roma A"]
[Site "Roma ITA"]
[Date "1984.02.??"]
[Round "8"]
[White "Sax, Gyula"]
[Black "Nikolac, Juraj"]
[WhiteElo "2575"]
[BlackElo "2465"]
[Result "1-0"]
[PlyCount "65"]
[EventDate "1984.02.18"]

1. e4 e5 2. Nf3 Nc6 3. Bb5 a6 4. Ba4 Nf6 5. O-O Be7 6. Re1 b5 7. Bb3 O-O 8. a4
Bb7 9. d3 d6 10. Bd2 Qd7 11. Nc3 Nd4 12. Nxd4 exd4 13. Ne2 c5 14. Ng3 d5 15. e5
Ne8 16. axb5 axb5 17. Rxa8 Bxa8 18. c3 dxc3 19. bxc3 g6 20. Ne2 Ng7 21. d4 Bc6
22. dxc5 Bxc5 23. Nd4 Nf5 24. e6 fxe6 25. Nxe6 Qa7 26. Nxc5 Qxc5 27. Bf4 Rf7
28. h3 Re7 29. Rxe7 Nxe7 30. Qe2 Kf7 31. Qe5 b4 32. c4 Bb7 33. Bg5 1-0

[Event "VIII Torneo Banco di Roma A"]
[Site "Roma ITA"]
[Date "1984.02.??"]
[Round "8"]
[White "Tatai, Stefano"]
[Black "Gobet, Fernand"]
[WhiteElo "2430"]
[BlackElo "2380"]
[Result "1-0"]
[PlyCount "153"]
[EventDate "1984.02.18"]

1. d4 Nf6 2. Nf3 e6 3. g3 d5 4. Bg2 Be7 5. c4 O-O 6. Qc2 Nbd7 7. O-O c6 8. Nbd2
b6 9. b3 Bb7 10. Bb2 Rc8 11. Rac1 Qc7 12. cxd5 exd5 13. e4 Nxe4 14. Nxe4 dxe4
15. Qxe4 Nf6 16. Qf5 Qd7 17. Qxd7 Nxd7 18. Rfe1 Bb4 19. Re2 Rfe8 20. Rec2 f6
21. a3 Bf8 22. Nd2 Nb8 23. Nf1 Ba6 24. Ne3 c5 25. d5 Bd3 26. Rd2 Bg6 27. h4
Rcd8 28. Bf3 Nc6 29. Nc4 Nd4 30. Bxd4 cxd4 31. Rxd4 b5 32. Na5 Bxa3 33. Rc7
Re1+ 34. Kg2 Bd6 35. Rc6 Be5 36. Rd2 Be8 37. Rcc2 Bg6 38. Rc6 Be8 39. Nb7 Bxc6
40. Nxd8 Bd7 41. Nc6 a5 42. Nxa5 Bc3 43. Ra2 Ra1 44. Rxa1 Bxa1 45. Nc6 Bxc6 46.
dxc6 Be5 47. b4 Kf8 48. Be2 Ke7 49. Bxb5 Kd6 50. Ba4 Kc7 51. Kf3 Kb6 52. Ke4
Bc3 53. b5 Be1 54. Ke3 Ba5 55. h5 Bb4 56. Bc2 Bc5+ 57. Ke2 h6 58. g4 Kc7 59. f4
Kd6 60. Kf3 Bb6 61. Ke4 Bc7 62. Kf5 Ke7 63. Kg6 Kf8 64. f5 Bd8 65. Bd1 Kg8 66.
Bb3+ Kf8 67. Bd5 Ba5 68. g5 hxg5 69. h6 gxh6 70. Kxf6 Ke8 71. Kg6 g4 72. f6 Kf8
73. Kxh6 g3 74. Kg6 Bc7 75. Kf5 Ke8 76. Ke6 Ba5 77. f7+ 1-0

[Event "VIII Torneo Banco di Roma A"]
[Site "Roma ITA"]
[Date "1984.02.??"]
[Round "8"]
[White "Toth, Bela"]
[Black "Zichichi, Alvise"]
[WhiteElo "2395"]
[BlackElo "2370"]
[Result "1-0"]
[PlyCount "85"]
[EventDate "1984.02.18"]

1. d4 d5 2. c4 c6 3. Nc3 Nf6 4. e3 g6 5. Nf3 Bg7 6. Be2 O-O 7. O-O Nbd7 8. cxd5
Nxd5 9. e4 Nc7 10. Be3 Nb6 11. h3 f5 12. exf5 gxf5 13. Bf4 Ne6 14. Be5 Bxe5 15.
dxe5 Qxd1 16. Rfxd1 Nf4 17. Bf1 Be6 18. Nd4 Bd5 19. g3 Nh5 20. Nxd5 cxd5 21.
Ne6 Rf7 22. Bg2 f4 23. Bf3 Rf5 24. Bg4 Rxe5 25. gxf4 Re4 26. Nc7 Nxf4 27. Nxa8
Nxa8 28. Rac1 Nb6 29. Rc7 h5 30. Bf3 Re5 31. h4 Ng6 32. Rxb7 Nxh4 33. Rd3 d4
34. Bd1 Nf5 35. Bxh5 Nd6 36. Rb8+ Kh7 37. Bf3 Rg5+ 38. Kf1 e5 39. Bc6 Ndc4 40.
Be4+ Kg7 41. Rb7+ Kf6 42. Rxa7 Rg4 43. Rf3+ 1-0

[Event "VIII Torneo Banco di Roma A"]
[Site "Roma ITA"]
[Date "1984.02.??"]
[Round "9"]
[White "Inkiov, Ventzislav V."]
[Black "Toth, Bela"]
[WhiteElo "2490"]
[BlackElo "2395"]
[Result "1/2-1/2"]
[PlyCount "54"]
[EventDate "1984.02.18"]

1. e4 e5 2. Bc4 Nf6 3. d3 Nc6 4. Nf3 d5 5. exd5 Nxd5 6. O-O Bc5 7. Ng5 O-O 8.
Nc3 Nf6 9. Nce4 Nxe4 10. Nxe4 Be7 11. Qh5 Qd7 12. f4 Na5 13. f5 Nxc4 14. f6
Bxf6 15. Nxf6+ gxf6 16. Bh6 Qd4+ 17. Kh1 Qg4 18. Qxg4+ Bxg4 19. dxc4 Rfe8 20.
Rxf6 Rad8 21. h3 Rd1+ 22. Rxd1 Bxd1 23. c3 Bc2 24. Kg1 Bb1 25. a3 Ba2 26. c5
Re6 27. Rxe6 Bxe6 1/2-1/2

[Event "VIII Torneo Banco di Roma A"]
[Site "Roma ITA"]
[Date "1984.02.??"]
[Round "9"]
[White "Mednis, Edmar John"]
[Black "Tatai, Stefano"]
[WhiteElo "2460"]
[BlackElo "2430"]
[Result "1/2-1/2"]
[PlyCount "41"]
[EventDate "1984.02.18"]

1. c4 c5 2. g3 g6 3. Bg2 Bg7 4. Nc3 Nc6 5. a3 e5 6. Rb1 a5 7. Nf3 Nge7 8. O-O
O-O 9. d3 d6 10. Bd2 h6 11. Ne1 Be6 12. Nc2 Rb8 13. b4 axb4 14. axb4 b6 15. b5
Nd4 16. Ne3 Ndf5 17. Nc2 Nd4 18. Ne3 Ndf5 19. Nc2 Nd4 20. Ne3 Ndf5 21. Nc2
1/2-1/2

[Event "VIII Torneo Banco di Roma A"]
[Site "Roma ITA"]
[Date "1984.02.??"]
[Round "9"]
[White "Nikolac, Juraj"]
[Black "Pinter, Jozsef"]
[WhiteElo "2465"]
[BlackElo "2515"]
[Result "0-1"]
[PlyCount "94"]
[EventDate "1984.02.18"]

1. d4 Nf6 2. Nf3 d5 3. Bg5 Ne4 4. Bh4 c5 5. dxc5 Nc6 6. e3 g6 7. Nbd2 Nxc5 8.
Be2 Bg7 9. c3 O-O 10. O-O a5 11. Nd4 Qd7 12. N2b3 Na4 13. Qd2 Nb6 14. Rad1 e6
15. Bb5 a4 16. Na1 Qc7 17. Nac2 e5 18. Nf3 f6 19. Bg3 Be6 20. Nfd4 Bf7 21. Be2
Na5 22. Nb5 Qc5 23. Nba3 Be6 24. Nb4 Rad8 25. Qc2 Nc6 26. Nd3 Qe7 27. Rfe1 Bf5
28. Bf1 Kh8 29. Nb1 g5 30. Nd2 Bg6 31. f3 e4 32. fxe4 dxe4 33. Nb4 Nxb4 34.
cxb4 Rc8 35. Nc4 Nxc4 36. Bxc4 b5 37. Bd6 Qe8 38. b3 f5 39. Bc5 bxc4 40. bxc4
Rf7 41. Rd5 f4 42. Rxg5 f3 43. Rd1 fxg2 44. Qxg2 Bf6 45. Rg3 Rd8 46. Bd6 Qe6
47. c5 Be7 0-1

[Event "VIII Torneo Banco di Roma A"]
[Site "Roma ITA"]
[Date "1984.02.??"]
[Round "9"]
[White "Zichichi, Alvise"]
[Black "Sax, Gyula"]
[WhiteElo "2370"]
[BlackElo "2575"]
[Result "1/2-1/2"]
[PlyCount "44"]
[EventDate "1984.02.18"]

1. d4 Nf6 2. Nf3 e6 3. e3 c5 4. Bd3 Nc6 5. O-O d5 6. b3 Bd6 7. Bb2 O-O 8. Nbd2
cxd4 9. exd4 Qc7 10. a3 e5 11. dxe5 Nxe5 12. Nxe5 Bxe5 13. Bxe5 Qxe5 14. Re1
Qf4 15. Qc1 Bg4 16. Ne4 Qe5 17. Nxf6+ Qxf6 18. Qe3 Be6 19. Qe5 Qxe5 20. Rxe5
Rac8 21. Rae1 Rc3 22. f4 g6 1/2-1/2